000 01352cam0 2200361 ib4500
001 BY-BR0000-br20229303569
005 20251027135745.0
010 ^a978-5-9614-7419-0
^bв переплете
010 ^a978-5-9614-9677-2
100 ^a20220801d2022 m y0rusy50 ca
101 1 ^arus
^ceng
102 ^aRU
105 ^ac z 000ay
109 ^ama
200 1 ^aКлубок заклинаний
^fМишель Харрисон
^gперевод с английского [Е. Пташкиной]
210 ^aМосква
^cАльпина Z
^cАльпина Паблишер
^d2022
215 ^a365 с.
^d21 см
333 ^a12+
345 ^95000 экз.
606 ^aАНГЛИЙСКАЯ ЛИТЕРАТУРА
^3BY-NLB-ar2468
^2DVNLB
606 ^aХУДОЖЕСТВЕННАЯ ЛИТЕРАТУРА
^3BY-NLB-ar37179
^2DVNLB
608 ^aПРОЗА (лит. произведение)
^3BY-NLB-ar2648148
^2BYGNR
686 ^a84(4Вел)-4
^2rubbk
690 ^a1
^2Base
^9BY-MI0000
^xRSEK
700 1 ^aХаррисон
^bМ.
702 1 ^aПташкина
^bЕ.
^gЕкатерина
^4730
801 0 ^aBY
^bBY-BR0000
^c20220801
^gRCR
801 2 ^aBY
^bBY-MI0000
^c20251021
^gRCR
035 ^a(BY-MI0000)BY-BR0000-br20229303569
899 0 ^aBY-MI0000
^iХ21
^h84(4Вел)